Physiology / (Record no. 33016)
[ view plain ]
| 000 -LEADER | |
|---|---|
| fixed length control field | 01522cam a2200433 a 4500 |
| 001 - CONTROL NUMBER | |
| control field | 8369276 |
| 003 - CONTROL NUMBER IDENTIFIER | |
| control field | OSt |
| 005 - DATE AND TIME OF LATEST TRANSACTION | |
| control field | 20220107121933.0 |
| 008 - FIXED-LENGTH DATA ELEMENTS--GENERAL INFORMATION | |
| fixed length control field | 100504s2011 paua b 001 0 eng |
| 010 ## - LIBRARY OF CONGRESS CONTROL NUMBER | |
| LC control number | 2010018984 |
| 016 7# - NATIONAL BIBLIOGRAPHIC AGENCY CONTROL NUMBER | |
| Record control number | 101530179 |
| Source | DNLM |
| 020 ## - INTERNATIONAL STANDARD BOOK NUMBER | |
| International Standard Book Number | 9780781798761 (alk. paper) |
| 029 1# - OTHER SYSTEM CONTROL NUMBER (OCLC) | |
| OCLC library identifier | NLM |
| System control number | 101530179 |
| 035 ## - SYSTEM CONTROL NUMBER | |
| System control number | (OCoLC)ocn612189031 |
| 035 ## - SYSTEM CONTROL NUMBER | |
| System control number | (OCoLC)612189031 |
| Canceled/invalid control number | (OCoLC)548651334 |
| 035 ## - SYSTEM CONTROL NUMBER | |
| System control number | (NNC)8369276 |
| 038 ## - RECORD CONTENT LICENSOR | |
| Staff Name | khadija |
| 040 ## - CATALOGING SOURCE | |
| Original cataloging agency | DNLM/DLC |
| Transcribing agency | DLC |
| Modifying agency | YDX |
| -- | BTCTA |
| -- | NLM |
| -- | YDXCP |
| 042 ## - AUTHENTICATION CODE | |
| Authentication code | pcc |
| 050 00 - LIBRARY OF CONGRESS CALL NUMBER | |
| Classification number | QP40 |
| Item number | .C67 2011 |
| 060 00 - NATIONAL LIBRARY OF MEDICINE CALL NUMBER | |
| Classification number | 2010 J-993 |
| 060 10 - NATIONAL LIBRARY OF MEDICINE CALL NUMBER | |
| Classification number | QT 18.2 |
| Item number | C838p 2011 |
| 082 00 - DEWEY DECIMAL CLASSIFICATION NUMBER | |
| Classification number | 612.0076 |
| Edition number | 22 |
| Author Mark | COS |
| 100 1# - MAIN ENTRY--PERSONAL NAME | |
| Personal name | Costanzo, Linda S., |
| Dates associated with a name | 1947- |
| 9 (RLIN) | 81208 |
| 245 10 - TITLE STATEMENT | |
| Title | Physiology / |
| Statement of responsibility, etc. | Linda S. Costanzo. |
| 250 ## - EDITION STATEMENT | |
| Edition statement | 5th ed. |
| 260 ## - PUBLICATION, DISTRIBUTION, ETC. | |
| Place of publication, distribution, etc. | Philadelphia : |
| Name of publisher, distributor, etc. | Wolters Kluwer Health/Lippincott Williams & Wilkins, |
| Date of publication, distribution, etc. | c2011. |
| 300 ## - PHYSICAL DESCRIPTION | |
| Extent | xiii, 314 p. : |
| Other physical details | col. ill. ; |
| Dimensions | 26 cm. |
| 490 1# - SERIES STATEMENT | |
| Series statement | Board review series |
| 504 ## - BIBLIOGRAPHY, ETC. NOTE | |
| Bibliography, etc. note | Includes bibliographical references and index. |
| 505 0# - FORMATTED CONTENTS NOTE | |
| Formatted contents note | Cell physiology -- Neurophysiology -- Cardiovascular physiology -- Respiratory physiology -- Renal and acid-base physiology -- Gastrointestinal physiology -- Endocrine physiology. |
| 563 ## - BINDING INFORMATION | |
| Binding note | PB |
| 650 #0 - SUBJECT ADDED ENTRY--TOPICAL TERM | |
| Topical term or geographic name entry element | Human physiology |
| Form subdivision | Examinations, questions, etc. |
| 9 (RLIN) | 87479 |
| 650 12 - SUBJECT ADDED ENTRY--TOPICAL TERM | |
| Topical term or geographic name entry element | Physiological Phenomena |
| Form subdivision | Examination Questions. |
| 9 (RLIN) | 87480 |
| 650 22 - SUBJECT ADDED ENTRY--TOPICAL TERM | |
| Topical term or geographic name entry element | Physiology |
| Form subdivision | Examination Questions. |
| 9 (RLIN) | 87481 |
| 830 #0 - SERIES ADDED ENTRY--UNIFORM TITLE | |
| Uniform title | Board review series. |
| 9 (RLIN) | 87482 |
| 942 ## - ADDED ENTRY ELEMENTS (KOHA) | |
| Source of classification or shelving scheme | |
| Koha item type | Book |
| Withdrawn status | Lost status | Source of classification or shelving scheme | Damaged status | Not for loan | Permanent Location | Current Location | Shelving location | Date acquired | Full call number | Barcode | Date last seen | Price effective from | Koha item type | Public note |
|---|---|---|---|---|---|---|---|---|---|---|---|---|---|---|
| School of Mechanical & Manufacturing Engineering (SMME) | School of Mechanical & Manufacturing Engineering (SMME) | Reference | 12/17/2015 | 612.0076 COS | SMME-2038 | 04/03/2018 | 12/17/2015 | Book | Rack,7-Shelf,1 | |||||
| School of Mechanical & Manufacturing Engineering (SMME) | School of Mechanical & Manufacturing Engineering (SMME) | Text Books | 12/17/2015 | 612.0076 COS | SMME-2039 | 04/03/2018 | 12/17/2015 | Book |
